export_success — 

Human-Nature Interactions : Exploring Nature's Values Across Landscapes.

Bibliographic Details
Main Author: Misiune, Ieva.
Other Authors: Depellegrin, Daniel., Egarter Vigl, Lukas.
Format: eBook
Language:English
Published: Cham : Springer International Publishing AG, 2022.
Edition:1st ed.
Subjects:
Online Access:Click to View
LEADER 01540nam a22003853i 4500
001 EBC7026759
003 MiAaPQ
005 20231204023226.0
006 m o d |
007 cr cnu||||||||
008 231204s2022 xx o ||||0 eng d
020 |a 9783031019807  |q (electronic bk.) 
020 |z 9783031019791 
035 |a (MiAaPQ)EBC7026759 
035 |a (Au-PeEL)EBL7026759 
035 |a (OCoLC)1334100088 
040 |a MiAaPQ  |b eng  |e rda  |e pn  |c MiAaPQ  |d MiAaPQ 
050 4 |a QH75-77 
100 1 |a Misiune, Ieva. 
245 1 0 |a Human-Nature Interactions :  |b Exploring Nature's Values Across Landscapes. 
250 |a 1st ed. 
264 1 |a Cham :  |b Springer International Publishing AG,  |c 2022. 
264 4 |c Ã2022. 
300 |a 1 online resource (434 pages) 
336 |a text  |b txt  |2 rdacontent 
337 |a computer  |b c  |2 rdamedia 
338 |a online resource  |b cr  |2 rdacarrier 
588 |a Description based on publisher supplied metadata and other sources. 
590 |a Electronic reproduction. Ann Arbor, Michigan : ProQuest Ebook Central, 2023. Available via World Wide Web. Access may be limited to ProQuest Ebook Central affiliated libraries.  
655 4 |a Electronic books. 
700 1 |a Depellegrin, Daniel. 
700 1 |a Egarter Vigl, Lukas. 
776 0 8 |i Print version:  |a Misiune, Ieva  |t Human-Nature Interactions  |d Cham : Springer International Publishing AG,c2022  |z 9783031019791 
797 2 |a ProQuest (Firm) 
856 4 0 |u https://ebookcentral.proquest.com/lib/matrademy/detail.action?docID=7026759  |z Click to View